Modeling the stellar environment (Record no. 9945)

MARC details
000 -LEADER
fixed length control field 01140nam a2200253Ia 4500
003 - CONTROL NUMBER IDENTIFIER
control field IN-BaIIA
008 - FIXED-LENGTH DATA ELEMENTS--GENERAL INFORMATION
fixed length control field 211028s9999 xx 000 0 eng d
020 ## - INTERNATIONAL STANDARD BOOK NUMBER
International Standard Book Number 2-86332-061-0
040 ## - CATALOGING SOURCE
Transcribing agency IIA Library
080 ## - UNIVERSAL DECIMAL CLASSIFICATION NUMBER
Universal Decimal Classification number 524.3-852
Item number MOD
100 ## - MAIN ENTRY--PERSONAL NAME
Personal name Delache, P.
9 (RLIN) 16873
111 ## - MAIN ENTRY--MEETING NAME
Meeting name or jurisdiction name as entry element IAP Astrophysics Meeting on Modeling the Stellar Environment, How and Why ? In Honor of Jean-Claude Pecker
Location of meeting Institut D'Astrophysique De Paris, Paris
Date of meeting or treaty signing 1988 June 28-30
9 (RLIN) 16874
245 #0 - TITLE STATEMENT
Title Modeling the stellar environment
Remainder of title proceedings of the fourth IAP astrophysics meeting on modeling the stellar environment, how and why ? in honor of Jean-Claude Pecker, held in Institut D'Astrophysique De Paris, Paris, June 28-30, 1988
Statement of responsibility, etc. P. Delache…[et al.]
260 ## - PUBLICATION, DISTRIBUTION, ETC.
Place of publication, distribution, etc. France
Name of publisher, distributor, etc. Editions Frontiers
Date of publication, distribution, etc. 1989
300 ## - PHYSICAL DESCRIPTION
Extent xxviii, 326p.
490 ## - SERIES STATEMENT
Series statement IAP astrophysics meeting; 4
650 ## - SUBJECT ADDED ENTRY--TOPICAL TERM
Topical term or geographic name entry element Astronomy and astrophysics thesaurus
650 ## - SUBJECT ADDED ENTRY--TOPICAL TERM
Topical term or geographic name entry element Stellar atmosphere
9 (RLIN) 1661
650 ## - SUBJECT ADDED ENTRY--TOPICAL TERM
Topical term or geographic name entry element Stellar models
9 (RLIN) 16603
700 ## - ADDED ENTRY--PERSONAL NAME
Personal name Laloe, S
9 (RLIN) 16875
700 ## - ADDED ENTRY--PERSONAL NAME
Personal name Magnan, C
9 (RLIN) 16876
700 ## - ADDED ENTRY--PERSONAL NAME
Personal name Thanh Van, J
9 (RLIN) 16877
942 ## - ADDED ENTRY ELEMENTS (KOHA)
Koha item type Books
952 ## - LOCATION AND ITEM INFORMATION (KOHA)
-- 53
Holdings
Withdrawn status Lost status Damaged status Not for loan Home library Current library Shelving location Date acquired Total Checkouts Full call number Barcode Date last seen Price effective from Koha item type
        IIA Library-Bangalore IIA Library-Bangalore General Stacks     524.3-852/ MOD 10855 05/11/2021   Books

Powered by Koha